[Event "Neuquen Las Balsas op"]
[Site "Neuquen"]
[Date "2022.06.19"]
[Round "6"]
[White "Correa, Leonardo Aluhe"]
[Black "Santopietro, Gerardo"]
[Result "1-0"]
[WhiteElo "1792"]
[BlackElo "2105"]
[PlyCount "43"]
[EventDate "2022.06.17"]
[EventType "swiss"]
[EventRounds "7"]
[EventCountry "ARG"]
[SourceTitle "CBM 208 Extra"]
[Source "ChessBase"]
[SourceDate "2022.07.31"]
[SourceVersion "1"]
[SourceVersionDate "2022.07.31"]
[SourceQuality "1"]

1. e4 e5 2. Bc4 Nc6 3. Nf3 Bc5 4. b4 Bxb4 5. c3 Ba5 6. d4 exd4 7. Qb3 Qe7 8. 0-0 Bb6 9. Ba3 Qf6 10. e5 Qg6 11. Qd1 dxc3 12. Nxc3 Nge7 13. Re1 h6 14. Ne4 Rf8 15. Nh4 Qh7 16. Nf6+ gxf6 17. exf6 d6 18. Bxd6 cxd6 19. Qxd6 Be6 20. Bb5 Bxf2+ 21. Kxf2 Nc8 22. Bxc6+ 1-0

[Event "Neuquen Las Balsas op"]
[Site "Neuquen"]
[Date "2022.06.19"]
[Round "5"]
[White "Santopietro, Gerardo"]
[Black "Schnaider, Ilan"]
[Result "0-1"]
[WhiteElo "2105"]
[BlackElo "2213"]
[PlyCount "102"]
[EventDate "2022.06.17"]
[EventType "swiss"]
[EventRounds "7"]
[EventCountry "ARG"]
[SourceTitle "CBM 208 Extra"]
[Source "ChessBase"]
[SourceDate "2022.07.31"]
[SourceVersion "1"]
[SourceVersionDate "2022.07.31"]
[SourceQuality "1"]

1. d4 Nf6 2. c4 g6 3. Nc3 d5 4. Qb3 dxc4 5. Qxc4 Bg7 6. e4 0-0 7. Be2 a6 8. Bf4 Ne8 9. Rd1 Nd7 10. a4 Nd6 11. Qb4 b6 12. Nf3 c5 13. Qa3 cxd4 14. Bxd6 exd6 15. Nxd4 Nc5 16. 0-0 Bb7 17. f3 Qg5 18. Nc2 Ne6 19. Rf2 Rac8 20. Bf1 h5 21. Kh1 h4 22. Nd5 Bxd5 23. exd5 Nf4 24. Ne3 b5 25. axb5 axb5 26. Bxb5 Ra8 27. Qb3 Rfb8 28. Qc4 Ra5 29. Bc6 Rc5 30. Qf1 Rb3 31. Nc4 Nh5 32. g4 hxg3 33. Rg2 Qf4 34. Nd2 Rxb2 35. Ne4 Rxg2 36. Qxg2 Rc1 37. Rxc1 Qxc1+ 38. Qg1 Qf4 39. Kg2 Be5 40. hxg3 Nxg3 41. Qh2 Ne2 42. Qxf4 Nxf4+ 43. Kf1 Kg7 44. Ng5 Bf6 45. Ne4 Be7 46. Kf2 f5 47. Nd2 Bh4+ 48. Ke3 Bg5 49. Kd4 Ne2+ 50. Kd3 Ng1 51. Nc4 Bf4 0-1

[Event "Neuquen Las Balsas op"]
[Site "Neuquen"]
[Date "2022.06.17"]
[Round "2"]
[White "Paveto, Kevin"]
[Black "Santopietro, Gerardo"]
[Result "1-0"]
[WhiteElo "2450"]
[BlackElo "2105"]
[PlyCount "52"]
[EventDate "2022.06.17"]
[EventType "swiss"]
[EventRounds "7"]
[EventCountry "ARG"]
[SourceTitle "CBM 208 Extra"]
[Source "ChessBase"]
[SourceDate "2022.07.31"]
[SourceVersion "1"]
[SourceVersionDate "2022.07.31"]
[SourceQuality "1"]

1. e4 e5 2. Nf3 Nc6 3. Bc4 Bc5 4. c3 Nf6 5. d3 d6 6. 0-0 0-0 7. a4 a6 8. Re1 Bg4 9. h3 Bh5 10. Nbd2 Rb8 11. b4 Bb6 12. Nf1 d5 13. exd5 Nxd5 14. Bd2 Qd6 15. Ng3 Bxf3 16. Qxf3 Nde7 17. Re2 Ng6 18. Rae1 Rbd8 19. Ne4 Qd7 20. Qh5 Nf4 21. Bxf4 exf4 22. Ng5 Qf5 23. Qxf7+ Qxf7 24. Nxf7 Rb8 25. a5 Ba7 26. Ne5+ Kh8 1-0

[Event "Bolivar City IRT 1st"]
[Site "Bolivar"]
[Date "2019.06.15"]
[Round "1.1"]
[White "Santopietro, Gerardo"]
[Black "Ruiz, Pablo"]
[Result "1-0"]
[WhiteElo "2142"]
[BlackElo "1737"]
[PlyCount "37"]
[EventDate "2019.06.15"]
[EventType "swiss"]
[EventRounds "6"]
[EventCountry "ARG"]
[SourceTitle "EXT 2024"]
[Source "ChessBase"]
[SourceDate "2023.10.10"]
[SourceVersion "1"]
[SourceVersionDate "2023.10.10"]
[SourceQuality "1"]

1. e4 c5 2. Nf3 d6 3. d4 cxd4 4. Nxd4 Nf6 5. Bd3 a6 6. c4 e5 7. Ne2 Be7 8. Nbc3 Be6 9. 0-0 0-0 10. h3 Nc6 11. Be3 Nb4 12. b3 Nxd3 13. Qxd3 Bd7 14. Rfd1 Bc6 15. Bg5 h6 16. Bxf6 gxf6 17. Ng3 Re8 18. Nf5 Bf8 19. Qg3+ 1-0

[Event "Salliquelo U2200 4th"]
[Site "Salliquelo"]
[Date "2019.04.26"]
[Round "1.3"]
[White "Santopietro, Gerardo"]
[Black "Coronel, Pablo"]
[Result "1/2-1/2"]
[WhiteElo "2166"]
[BlackElo "1710"]
[PlyCount "86"]
[EventDate "2019.04.26"]
[EventType "swiss"]
[EventRounds "7"]
[EventCountry "ARG"]
[SourceTitle "EXT 2024"]
[Source "ChessBase"]
[SourceDate "2023.10.10"]
[SourceVersion "1"]
[SourceVersionDate "2023.10.10"]
[SourceQuality "1"]

1. e4 e5 2. Nf3 Nc6 3. Bb5 a6 4. Bxc6 dxc6 5. 0-0 Qd6 6. d4 exd4 7. e5 Qd5 8. Nxd4 c5 9. Nb3 Qxd1 10. Rxd1 Bf5 11. c4 Rd8 12. Rxd8+ Kxd8 13. Be3 b6 14. Nc3 Kc8 15. f3 f6 16. f4 Ne7 17. Re1 fxe5 18. fxe5 Be6 19. Nd2 Nf5 20. Bf2 Be7 21. b3 Rd8 22. Nf3 Nd4 23. Ne4 Nc2 24. Rc1 Nd4 25. Kf1 Bf5 26. Ned2 Bd3+ 27. Ke1 Nc2+ 28. Kd1 Nd4 29. Nxd4 cxd4 30. Nf3 Ba3 31. Nxd4 Bxc1 32. Kxc1 Be4 33. g4 c5 34. Ne6 Re8 35. Nxg7 Rxe5 36. Bg3 Re7 37. Nh5 Bf3 38. Nf6 Rf7 39. g5 Kd8 40. Kd2 Re7 41. Kd3 Bd1 42. Kd2 Bf3 43. Kd3 Bd1 1/2-1/2

[Event "Coronel Pringles U2200 3rd"]
[Site "Coronel Pringles"]
[Date "2018.09.08"]
[Round "4.4"]
[White "Santopietro, Gerardo"]
[Black "Bacino, Gustavo"]
[Result "1-0"]
[WhiteElo "2166"]
[BlackElo "1890"]
[PlyCount "101"]
[EventDate "2018.09.07"]
[EventType "swiss"]
[EventRounds "7"]
[EventCountry "ARG"]
[SourceTitle "EXT 2024"]
[Source "ChessBase"]
[SourceDate "2023.10.10"]
[SourceVersion "1"]
[SourceVersionDate "2023.10.10"]
[SourceQuality "1"]

1. e4 c5 2. Nf3 e6 3. d4 cxd4 4. Nxd4 a6 5. c4 Nf6 6. Bd3 Be7 7. 0-0 Qc7 8. Nc3 Nc6 9. Nde2 0-0 10. h3 Ne5 11. b3 Nxd3 12. Qxd3 b6 13. Bf4 d6 14. Rad1 Rd8 15. g4 Bb7 16. Ng3 g6 17. Rc1 Nd7 18. Rfd1 Ne5 19. Qe2 Rac8 20. Be3 Nd7 21. Qd2 Ne5 22. Qe2 Nd7 23. f4 Bh4 24. Nf1 Bf6 25. Bf2 Nc5 26. Ng3 Qc6 27. Bd4 Bh4 28. Kh2 Bxg3+ 29. Kxg3 Nxe4+ 30. Nxe4 Qxe4 31. Qxe4 Bxe4 32. Bxb6 Rd7 33. Bd4 Rdc7 34. Bf6 d5 35. Rd4 h6 36. Re1 g5 37. fxg5 hxg5 38. h4 gxh4+ 39. Kxh4 Kh7 40. Rf1 Kg6 41. Be5 Rd7 42. Rf6+ Kh7 43. Rd2 Rh8 44. c5 Kg8+ 45. Kg5 Rh1 46. c6 Rd8 47. c7 Rc8 48. Rff2 Rh3 49. Rh2 f6+ 50. Kxf6 Rf3+ 51. Kxe6 1-0

[Event "Buenos Aires U2200 op"]
[Site "Buenos Aires"]
[Date "2018.04.21"]
[Round "5.5"]
[White "Weinmeister, Abel Hernan"]
[Black "Santopietro, Gerardo"]
[Result "0-1"]
[WhiteElo "1789"]
[BlackElo "2147"]
[PlyCount "52"]
[EventDate "2018.04.20"]
[EventType "swiss"]
[EventRounds "7"]
[EventCountry "ARG"]
[SourceTitle "EXT 2024"]
[Source "ChessBase"]
[SourceDate "2023.10.10"]
[SourceVersion "1"]
[SourceVersionDate "2023.10.10"]
[SourceQuality "1"]

1. e4 c5 2. Nf3 d6 3. d4 cxd4 4. Qxd4 e5 5. Bb5+ Bd7 6. Qd3 Nc6 7. 0-0 Be7 8. Nc3 a6 9. Bxc6 bxc6 10. Rd1 h6 11. Nd2 Bg4 12. f3 Be6 13. Nc4 Bxc4 14. Qxc4 Qb6+ 15. Kh1 Nf6 16. b3 0-0 17. Rd3 Rfd8 18. Be3 Qb7 19. Rad1 Rd7 20. R3d2 Rad8 21. Qe2 d5 22. exd5 cxd5 23. Bf2 d4 24. Ne4 Nd5 25. Qd3 Bb4 26. Re2 Nf4 0-1

[Event "Coronel Pringles U2200 2nd"]
[Site "Coronel Pringles"]
[Date "2017.09.08"]
[Round "1.2"]
[White "Morales, Guillermo"]
[Black "Santopietro, Gerardo"]
[Result "0-1"]
[WhiteElo "1679"]
[BlackElo "2125"]
[PlyCount "64"]
[EventDate "2017.09.08"]
[EventType "swiss"]
[EventRounds "7"]
[EventCountry "ARG"]
[SourceTitle "EXT 2024"]
[Source "ChessBase"]
[SourceDate "2023.10.10"]
[SourceVersion "1"]
[SourceVersionDate "2023.10.10"]
[SourceQuality "1"]

1. d4 Nf6 2. Nf3 e6 3. e3 b6 4. Bd3 Bb7 5. 0-0 d6 6. Re1 Nbd7 7. c4 c5 8. Nc3 Be7 9. b3 0-0 10. Bb2 Re8 11. d5 e5 12. Ng5 h6 13. Nge4 Nxe4 14. Nxe4 f5 15. Ng3 e4 16. Be2 Bf6 17. Bxf6 Qxf6 18. Nh5 Qf7 19. Nf4 Nf8 20. h4 g6 21. h5 g5 22. Nh3 Nd7 23. a4 a5 24. g3 Ne5 25. Kg2 Bc8 26. Rh1 Kh8 27. Ng1 f4 28. exf4 gxf4 29. f3 Qg7 30. g4 exf3+ 31. Bxf3 Bxg4 32. Kh2 Bxf3 0-1

[Event "Pan American-ch U2300"]
[Site "Carilo Village"]
[Date "2016.10.27"]
[Round "5"]
[White "Santopietro, Gerardo"]
[Black "Grosso, Juan Jose"]
[Result "1-0"]
[WhiteElo "2086"]
[BlackElo "2222"]
[PlyCount "65"]
[EventDate "2016.10.25"]
[EventType "swiss"]
[EventRounds "9"]
[EventCountry "ARG"]
[SourceTitle "EXT 2022"]
[Source "ChessBase"]
[SourceDate "2021.10.06"]
[SourceVersion "1"]
[SourceVersionDate "2021.10.06"]
[SourceQuality "1"]

1. e4 c5 2. Nf3 d6 3. d4 cxd4 4. Nxd4 Nf6 5. Bd3 a6 6. c4 Nc6 7. Ne2 g6 8. 0-0 Bg7 9. Nbc3 0-0 10. h3 Be6 11. Be3 Ne5 12. b3 Nfd7 13. Rc1 Nc5 14. Bb1 f5 15. exf5 gxf5 16. Nf4 Qd7 17. b4 Ne4 18. Nxe4 fxe4 19. Bxe4 Bf7 20. Nd5 Rad8 21. f4 Ng6 22. f5 Ne5 23. Bg5 Bxd5 24. Qxd5+ Nf7 25. Bh4 b5 26. cxb5 axb5 27. Bd3 Rb8 28. f6 exf6 29. Bxf6 Qa7+ 30. Kh1 Qe3 31. Bxg7 Kxg7 32. Rc7 Qe8 33. Qf5 1-0

[Event "Judewicz Memorial U2200"]
[Site "Mar del Plata"]
[Date "2016.09.17"]
[Round "5.1"]
[White "Santopietro, Gerardo"]
[Black "Fidel, Roberto Oscar"]
[Result "1-0"]
[WhiteElo "2060"]
[BlackElo "2166"]
[PlyCount "75"]
[EventDate "2016.09.16"]
[EventType "swiss"]
[EventRounds "7"]
[EventCountry "ARG"]
[SourceTitle "EXT 2024"]
[Source "ChessBase"]
[SourceDate "2023.10.10"]
[SourceVersion "1"]
[SourceVersionDate "2023.10.10"]
[SourceQuality "1"]

1. e4 c5 2. Nf3 d6 3. d4 cxd4 4. Nxd4 Nf6 5. Nc3 a6 6. Be2 e6 7. a4 Be7 8. 0-0 0-0 9. Be3 Nc6 10. f4 Qc7 11. Qd2 Rb8 12. Bf3 b6 13. Nb3 Bb7 14. Qf2 Ba8 15. g4 Rfe8 16. g5 Nd7 17. Bg2 Bf8 18. Rad1 b5 19. axb5 axb5 20. Kh1 b4 21. Ne2 Na5 22. Nxa5 Qxa5 23. Qg3 Rbc8 24. Ra1 Qc7 25. Ra7 Qc6 26. f5 Ne5 27. fxe6 fxe6 28. Bd4 Rc7 29. Bxe5 dxe5 30. Bh3 Bc5 31. Rxc7 Qxc7 32. Qf3 Qd7 33. Qh5 g6 34. Qf3 Kg7 35. Qg4 Be3 36. Rf3 Qa7 37. Qh4 Bf4 38. Qh6+ 1-0

[Event "Judewicz Memorial U2200"]
[Site "Mar del Plata"]
[Date "2016.09.16"]
[Round "2.4"]
[White "Castro, Diego"]
[Black "Santopietro, Gerardo"]
[Result "0-1"]
[WhiteElo "1787"]
[BlackElo "2060"]
[PlyCount "64"]
[EventDate "2016.09.16"]
[EventType "swiss"]
[EventRounds "7"]
[EventCountry "ARG"]
[SourceTitle "EXT 2024"]
[Source "ChessBase"]
[SourceDate "2023.10.10"]
[SourceVersion "1"]
[SourceVersionDate "2023.10.10"]
[SourceQuality "1"]

1. e4 e5 2. Nc3 Nc6 3. Bc4 Bc5 4. d3 Qf6 5. Be3 Bb4 6. Nge2 Nge7 7. 0-0 g5 8. f4 gxf4 9. Nxf4 exf4 10. Rxf4 Qg5 11. Bxf7+ Kd8 12. d4 Rf8 13. Rf3 Qg7 14. Bh5 Rxf3 15. Qxf3 Nxd4 16. Qf2 Bxc3 17. Rf1 Ne6 18. bxc3 b6 19. Qd2 Bb7 20. Rf7 Qg8 21. Qf2 Ng6 22. Qf6+ Kc8 23. Bxg6 hxg6 24. Qe7 Bc6 25. Bf4 Kb7 26. Bg3 Rf8 27. Rxf8 Qxf8 28. Qxf8 Nxf8 29. e5 Be4 30. Bf4 Ne6 31. Be3 Bxc2 32. g4 Kc6 0-1

[Event "Mar del Plata op 47th"]
[Site "Mar del Plata"]
[Date "2016.03.23"]
[Round "6"]
[White "Santopietro, Gerardo"]
[Black "Coppola, Claudio"]
[Result "1/2-1/2"]
[WhiteElo "2031"]
[BlackElo "2234"]
[PlyCount "51"]
[EventDate "2016.03.19"]
[EventType "swiss"]
[EventRounds "9"]
[EventCountry "ARG"]
[SourceTitle "CBM 171 Extra"]
[Source "ChessBase"]
[SourceDate "2016.04.26"]
[SourceVersion "1"]
[SourceVersionDate "2016.04.26"]
[SourceQuality "1"]

1. e4 c5 2. Nc3 Nc6 3. g3 g6 4. Bg2 Bg7 5. Nge2 Rb8 6. 0-0 b5 7. d3 b4 8. Nd5 d6 9. a3 a5 10. axb4 axb4 11. c3 bxc3 12. bxc3 Nf6 13. Nxf6+ Bxf6 14. f4 Qb6 15. Be3 Bg4 16. e5 dxe5 17. Rb1 Qxb1 18. Bxc6+ Kd8 19. Qxb1 Rxb1 20. Rxb1 Bxe2 21. Bxc5 Kc7 22. Be4 Rb8 23. Rxb8 Kxb8 24. fxe5 Bxe5 25. Bxe7 Bxc3 26. Kf2 1/2-1/2

[Event "Madariaga Tiberio Cup"]
[Site "Madariaga"]
[Date "2014.06.21"]
[Round "5"]
[White "Santopietro, Gerardo"]
[Black "Sica, Mauro"]
[Result "1/2-1/2"]
[WhiteElo "2053"]
[BlackElo "1829"]
[PlyCount "107"]
[EventDate "2014.06.20"]
[EventType "swiss"]
[EventRounds "7"]
[EventCountry "ARG"]
[SourceTitle "CBM 161 Extra"]
[Source "ChessBase"]
[SourceDate "2014.08.29"]
[SourceVersion "1"]
[SourceVersionDate "2014.08.29"]
[SourceQuality "1"]

1. Nf3 f5 2. d4 g6 3. c4 Bg7 4. Nc3 Nf6 5. Bf4 d6 6. Qd2 0-0 7. 0-0-0 c6 8. e3 Nbd7 9. Kb1 Qe8 10. d5 c5 11. Bd3 Nb6 12. Qc2 Bd7 13. b3 a5 14. a4 Ng4 15. Bg3 Nc8 16. h3 Nh6 17. Ng5 Nf7 18. f4 Nxg5 19. fxg5 Qd8 20. h4 Qb6 21. Ka2 Na7 22. Ne2 e5 23. dxe6 Bxe6 24. Nf4 Bf7 25. h5 Nc6 26. Be1 Rfe8 27. hxg6 hxg6 28. Rh3 Qd8 29. Bxf5 gxf5 30. Qxf5 Ne7 31. Qh7+ Kf8 32. Rf3 Qd7 33. g6 Qf5 34. Ne6+ Bxe6 35. Rxf5+ Nxf5 36. Bd2 Ke7 37. Qh5 Rh8 38. Qf3 Rab8 39. g4 Nh6 40. Rg1 Rhf8 41. Qe2 Nxg4 42. Rxg4 Bxg4 43. Qxg4 Rf1 44. Be1 Bf6 45. Qe2 Rh1 46. b4 axb4 47. Kb3 Rbh8 48. g7 Bxg7 49. Qg2 Be5 50. Qxb7+ Ke6 51. Qd5+ Ke7 52. Qb7+ Ke6 53. Qd5+ Ke7 54. Qb7+ 1/2-1/2

[Event "Madariaga Tiberio Cup"]
[Site "Madariaga"]
[Date "2014.06.20"]
[Round "1"]
[White "Santopietro, Gerardo"]
[Black "Aguero Arce, Matias"]
[Result "0-1"]
[WhiteElo "2053"]
[BlackElo "1796"]
[PlyCount "70"]
[EventDate "2014.06.20"]
[EventType "swiss"]
[EventRounds "7"]
[EventCountry "ARG"]
[SourceTitle "CBM 161 Extra"]
[Source "ChessBase"]
[SourceDate "2014.08.29"]
[SourceVersion "1"]
[SourceVersionDate "2014.08.29"]
[SourceQuality "1"]

1. e4 c5 2. Nf3 Nc6 3. d4 cxd4 4. Nxd4 Qb6 5. Nb5 a6 6. N5c3 e6 7. Be2 Nf6 8. 0-0 Be7 9. Nd2 Qc7 10. a4 d5 11. exd5 exd5 12. Nb3 0-0 13. Nxd5 Nxd5 14. Qxd5 Nb4 15. Qe4 Nxc2 16. Bf4 Qc6 17. Qxc6 bxc6 18. Rac1 Nb4 19. Bf3 Nd3 20. Be3 Nxc1 21. Rxc1 Rb8 22. Na5 Rxb2 23. Nxc6 Bf6 24. g4 h6 25. a5 Re8 26. Bb6 Rb3 27. Bd5 Rd3 28. Nb4 Rd2 29. Rc7 Be6 30. Bc6 Rc8 31. Nxa6 Bxg4 32. Bb7 Rxc7 33. Nxc7 Bh3 34. f4 Bh4 35. Bf3 Rb2 0-1

[Event "American Continental 08th"]
[Site "Mar del Plata"]
[Date "2012.10.20"]
[Round "10"]
[White "Santopietro, Gerardo"]
[Black "Andrade, Roberto Luiz Costa"]
[Result "0-1"]
[WhiteElo "2006"]
[BlackElo "2187"]
[PlyCount "102"]
[EventDate "2012.10.12"]
[EventType "swiss"]
[EventRounds "11"]
[EventCountry "ARG"]
[SourceTitle "EXT 2013"]
[Source "ChessBase"]
[SourceDate "2012.11.22"]
[SourceVersion "1"]
[SourceVersionDate "2012.11.22"]
[SourceQuality "1"]

1. e4 c5 2. Nf3 Nf6 3. Nc3 Nc6 4. Bc4 e6 5. d3 d5 6. exd5 exd5 7. Bb3 Be7 8. h3 0-0 9. 0-0 h6 10. Ne2 d4 11. Ng3 Re8 12. Nh4 Bd7 13. Nhf5 Bf8 14. Bf4 Na5 15. Nd6 Bxd6 16. Bxd6 Nxb3 17. axb3 Bxh3 18. Bxc5 Bxg2 19. Kxg2 Qd5+ 20. Qf3 Qxc5 21. Rfc1 b6 22. c3 a5 23. b4 Qd5 24. Qxd5 Nxd5 25. bxa5 Nf4+ 26. Kf3 Nxd3 27. Rd1 Nxb2 28. Rxd4 Rxa5 29. Rb1 Na4 30. Rb3 Rc8 31. c4 Kh7 32. Nf1 Rf5+ 33. Kg2 Rc6 34. Ne3 Rg6+ 35. Rg4 Rxg4+ 36. Nxg4 Rc5 37. Ne3 Rc6 38. Kf1 h5 39. Kg2 g5 40. Kh3 f6 41. Kg2 Nc5 42. Rb4 Nd3 43. Rb3 Ne5 44. Rb4 Kg6 45. Nd5 Rxc4 46. Rxb6 Ng4 47. f3 Rd4 48. fxg4 Rxd5 49. gxh5+ Kg7 50. Kg3 Rf5 51. Rb8 Rf4 0-1

[Event "American Continental 08th"]
[Site "Mar del Plata"]
[Date "2012.10.19"]
[Round "9"]
[White "Santopietro, Gerardo"]
[Black "Arcos Facio, Mateo"]
[Result "0-1"]
[WhiteElo "2006"]
[BlackElo "2174"]
[PlyCount "60"]
[EventDate "2012.10.12"]
[EventType "swiss"]
[EventRounds "11"]
[EventCountry "ARG"]
[SourceTitle "EXT 2013"]
[Source "ChessBase"]
[SourceDate "2012.11.22"]
[SourceVersion "1"]
[SourceVersionDate "2012.11.22"]
[SourceQuality "1"]

1. e4 e5 2. Nf3 Nc6 3. Bb5 a6 4. Ba4 Nf6 5. 0-0 b5 6. Bb3 Be7 7. Re1 d6 8. c3 0-0 9. h3 Na5 10. Bc2 c5 11. d4 Qc7 12. dxe5 dxe5 13. Nbd2 Be6 14. Ng5 Rad8 15. Nxe6 fxe6 16. Qe2 c4 17. Nf1 Nb7 18. Be3 Nc5 19. Bxc5 Bxc5 20. b3 Nh5 21. Qxh5 Rxf2 22. Kh1 Rxc2 23. bxc4 bxc4 24. Ne3 Rxc3 25. Ng4 Qf7 26. Qxe5 Rxh3+ 27. Nh2 Rh5 28. Qg3 Bf2 29. Qg4 Bxe1 30. Rxe1 Rf8 0-1

[Event "American Continental 08th"]
[Site "Mar del Plata"]
[Date "2012.10.16"]
[Round "6"]
[White "Batista, Gerson Peres"]
[Black "Santopietro, Gerardo"]
[Result "1/2-1/2"]
[WhiteElo "2233"]
[BlackElo "2006"]
[PlyCount "45"]
[EventDate "2012.10.12"]
[EventType "swiss"]
[EventRounds "11"]
[EventCountry "ARG"]
[SourceTitle "EXT 2013"]
[Source "ChessBase"]
[SourceDate "2012.11.22"]
[SourceVersion "1"]
[SourceVersionDate "2012.11.22"]
[SourceQuality "1"]

1. e4 c5 2. Nf3 e6 3. c4 Nc6 4. Nc3 d6 5. d4 cxd4 6. Nxd4 a6 7. Be2 Nge7 8. 0-0 Nxd4 9. Qxd4 Nc6 10. Qd2 Be7 11. b3 0-0 12. Bb2 Qb6 13. Rad1 Qc7 14. f4 b6 15. Kh1 Rd8 16. Rf3 Bb7 17. Rg3 Bf8 18. Qe3 Ne7 19. f5 exf5 20. Nd5 Bxd5 21. exd5 Ng6 22. Qf3 f4 23. Rh3 1/2-1/2

[Event "American Continental 08th"]
[Site "Mar del Plata"]
[Date "2012.10.15"]
[Round "5"]
[White "Santopietro, Gerardo"]
[Black "Caceres Recalde, Gonzalo"]
[Result "1-0"]
[WhiteElo "2006"]
[BlackElo "1582"]
[PlyCount "61"]
[EventDate "2012.10.12"]
[EventType "swiss"]
[EventRounds "11"]
[EventCountry "ARG"]
[SourceTitle "EXT 2013"]
[Source "ChessBase"]
[SourceDate "2012.11.22"]
[SourceVersion "1"]
[SourceVersionDate "2012.11.22"]
[SourceQuality "1"]

1. e4 c5 2. Nf3 d6 3. Bb5+ Bd7 4. Bxd7+ Qxd7 5. c4 Nc6 6. 0-0 Nf6 7. Nc3 g6 8. d4 cxd4 9. Nxd4 Bg7 10. Nde2 0-0 11. f3 Ne5 12. b3 Qc6 13. Be3 Ned7 14. Rc1 Qc8 15. Qd2 Rd8 16. g4 a5 17. g5 Nh5 18. Nd5 Re8 19. Ng3 Nxg3 20. hxg3 Ra6 21. Kg2 Nc5 22. Rh1 Ne6 23. f4 Nf8 24. Bd4 Qc6 25. Bxg7 Kxg7 26. f5 Nd7 27. f6+ exf6 28. gxf6+ Kh8 29. Rxh7+ Kxh7 30. Rh1+ Kg8 31. Rh8+ 1-0

[Event "American Continental 08th"]
[Site "Mar del Plata"]
[Date "2012.10.14"]
[Round "3"]
[White "Santopietro, Gerardo"]
[Black "Tapie Amione, Pablo Adib"]
[Result "1/2-1/2"]
[WhiteElo "2006"]
[BlackElo "2240"]
[PlyCount "50"]
[EventDate "2012.10.12"]
[EventType "swiss"]
[EventRounds "11"]
[EventCountry "ARG"]
[SourceTitle "EXT 2013"]
[Source "ChessBase"]
[SourceDate "2012.11.22"]
[SourceVersion "1"]
[SourceVersionDate "2012.11.22"]
[SourceQuality "1"]

1. e4 c5 2. Nf3 Nc6 3. Nc3 e5 4. Bc4 Be7 5. d3 d6 6. h3 Nf6 7. Be3 Be6 8. Nd5 Bxd5 9. exd5 b5 10. Bxb5 Qa5+ 11. Qd2 Qxb5 12. c4 Qa6 13. dxc6 Qxc6 14. b4 cxb4 15. Qxb4 0-0 16. Rb1 Qc8 17. 0-0 Qf5 18. Qb7 Rfe8 19. Rb3 d5 20. cxd5 Rad8 21. d4 exd4 22. Nxd4 Qxd5 23. Qxd5 Nxd5 24. Nc6 Nxe3 25. Rxe3 Kf8 1/2-1/2